[Event "33rd Pula Open 2019"]
[Site "Pula"]
[Date "2019.06.23"]
[Round "2.15"]
[White "Jansen, Dirk Norbert"]
[Black "Maier, Christian"]
[Result "1/2-1/2"]
[WhiteElo "2158"]
[BlackElo "2299"]
[Annotator "ChessBase"]
[PlyCount "60"]
[EventDate "2019.06.22"]
[EventType "swiss"]
[EventCountry "CRO"]
[SourceTitle "playchess.com"]
[Source "ChessBase"]
[SourceQuality "1"]
[TimeControl "5400+30"]

1. e4 e5 2. Nf3 Nc6 3. Bc4 Bc5 4. O-O d6 5. h3 Nf6 6. d3 h6 7. c3 Bb6 8. Re1 O-O 9. Nbd2 Re8 10. Bb5 a6 11. Ba4 Bd7 12. Nf1 Ne7 13. Bxd7 Qxd7 14. Be3 Bxe3 15. Nxe3 Ng6 16. Kh2 Rad8 17. Qc2 d5 18. Rad1 c6 19. g3 Qe6 20. a4 a5 21. Rb1 b5 22. b3 Qe7 23. axb5 dxe4 24. dxe4 cxb5 25. c4 Qc5 26. Ra1 Ra8 27. Kg2 Rec8 28. Rec1 a4 29. cxb5 Qf8 30. Nc4 axb3 1/2-1/2

[Event "33rd Pula Open 2019"]
[Site "Pula"]
[Date "2019.06.24"]
[Round "3.1"]
[White "Saric, Ante"]
[Black "Bozinovic, Bogdan"]
[Result "1-0"]
[WhiteElo "2542"]
[BlackElo "2194"]
[Annotator "TA"]
[PlyCount "45"]
[EventDate "2019.06.22"]
[EventType "swiss"]
[EventCountry "CRO"]
[SourceTitle "playchess.com"]
[Source "ChessBase"]
[SourceQuality "1"]

{[%evp 9,45,22,22,14,24,0,47,24,44,46,36,36,77,86,88,76,85,84,71,82,133,120,129,100,116,116,116,75,94,109,105,83,107,102,129,101,285,273]} 1. g3 Nf6 2. Bg2 e5 3. c4 c6 4. Nf3 e4 5. Nd4 d5 6. d3 {A20: English Opening: 1...e5} exd3 7. cxd5 Bb4+ 8. Nc3 {[%cal Rd5c6] White is slightly better.} Nxd5 $146 ({Predecessor:} 8... c5 9. Nb3 c4 10. Nd2 O-O 11. O-O Bxc3 12. bxc3 Bg4 13. f3 dxe2 14. Qxe2 {1-0 (87) Ding,L (2773)-Inarkiev,E (2727) Moscow 2017}) 9. Qxd3 O-O 10. O-O Nc7 11. Rd1 Nba6 12. Qc2 $36 {[%mdl 2048] aiming for Nxc6. White is really pushing.} Qe7 13. a3 Bxc3 14. bxc3 c5 (14... Re8 $142) 15. Nb3 $16 Ne6 16. Na5 Qc7 17. Nc4 Bd7 18. Ne3 Rae8 19. Nd5 Qc8 20. Be3 Nac7 {[#]} 21. c4 $1 b5 22. Rab1 bxc4 $2 {[#]} (22... Nxd5 $16 23. Bxd5 (23. Rxd5 bxc4 24. Be4 g6 $16) (23. cxd5 Nd4 $16) 23... a6) 23. Nxc7 $1 {Accuracy: White = 84%, Black = 38%.} ({Weaker is} 23. Qxc4 Nxd5 24. Bxd5 Bc6 $16) 1-0

[Event "33rd Pula Open 2019"]
[Site "Pula"]
[Date "2019.06.24"]
[Round "3.2"]
[White "Suta, Andraz"]
[Black "Zelcic, Robert"]
[Result "1-0"]
[WhiteElo "2195"]
[BlackElo "2518"]
[Annotator "TA"]
[PlyCount "109"]
[EventDate "2019.06.22"]
[EventType "swiss"]
[EventCountry "CRO"]
[SourceTitle "playchess.com"]
[Source "ChessBase"]
[SourceQuality "1"]

{[%evp 20,109,52,45,46,11,18,12,14,13,35,28,47,7,168,168,181,193,187,167,331,343,350,341,347,225,203,141,116,108,110,73,77,79,750,740,725,713,824,550,681,427,423,217,252,247,487,340,334,349,327,335,337,333,339,320,422,427,404,395,536,530,602,540,536,532,483,483,899,583,544,503,460,495,615,0,0,0,615,604,582,562,934,877,1359,1376,1335,1352,29990,1007,29991,29992]} 1. e4 c5 2. Nf3 Nc6 3. d4 cxd4 4. Nxd4 e5 5. Nb5 d6 6. N1c3 a6 7. Na3 b5 8. Nd5 Nge7 9. c4 Nd4 10. cxb5 Nxd5 11. exd5 Bd7 {[%cal Ra6b5] B32: Sicilian: Löwenthal and Kalashnikov Variations} (11... Be7 12. Bd3 O-O 13. O-O f5 14. Be3 Nxb5 15. Nc4 Rb8 16. f3 Bb7 17. a4 Nd4 18. Bxd4 exd4 19. a5 Bxd5 20. Nb6 {0-1 (48) Martinez Alcantara,J (2561)-Naiditsch,A (2711) Linares 2018}) 12. bxa6 {White wants to play b4.} Qa5+ {[%mdl 64] Double Attack} 13. Bd2 Qxd5 {Threatens to win with ...Qe4+.The position is equal.} 14. Nc4 Qe4+ 15. Ne3 Be7 16. Bc3 $146 {Bd3 is the strong threat.} ({Predecessor:} 16. Bc4 O-O 17. O-O Be6 18. f3 Qc6 19. Bxe6 fxe6 {1-0 (69) Pomaro,A (2284)-Salvador,R (2447) Bergamo 2009}) 16... O-O $2 (16... Bh4 $11 {and Black is okay.} 17. Qd3 Nc2+ $1 {[%mdl 576] Double Attack} 18. Kd2 Qxd3+ 19. Bxd3 Nxa1) 17. Bd3 $36 {[%mdl 2048] White has strong initiative.} Qh4 18. O-O $1 Nb5 19. Bd2 Nc7 $2 {[#]} (19... Nd4 20. f4 Bd8) 20. Rc1 $1 {[%cal Rc1c7]} Nxa6 21. Nd5 Bg5 22. Nb6 Bg4 23. Be2 Bxd2 24. Qxd2 Rab8 {And now ...Bxe2 would win.} 25. Rc4 Rxb6 26. Rxg4 Qd8 $2 {[%mdl 8192]} (26... Qf6 $16) 27. Qh6 {[%csl Gg4][%cal Rh6g7]} g6 28. Rh4 {[%csl Gh4][%cal Rh6h7]} Re8 29. Qxh7+ Kf8 30. Qh6+ Ke7 31. Ra4 (31. f4 $142) 31... Nc7 32. Rc1 Qb8 $2 (32... Rb7 {was worth a try.} 33. Bf3 d5 34. Qh4+ Kd7) 33. Qg5+ Kf8 34. Rh4 {[%cal Ba4h4,Bh4h3,Bh3f3][%mdl 32] Threatening mate with Qf6!} Kg7 35. Qh6+ Kf6 36. Rh3 Ne6 37. Qh4+ g5 38. Qh6+ Ke7 39. Rf3 Rf8 40. Qf6+ Kd7 41. Bd1 {Black must now prevent Ba4+.} Rb4 {Now ...Qd8 and Black clings on.} 42. a3 Rd4 43. b4 Qa8 (43... Rxd1+ $142 44. Rxd1 Nd4 45. Rxd4 exd4 46. Qxd4 Qc8) 44. Be2 {White wants to mate with Bb5+.} Qd5 45. Rfc3 Rf4 {[#]} 46. Qh6 $1 Rh4 47. Qf6 Rf4 48. Qh6 Rh4 $1 {[%cal Rh4h6] [#]} 49. Rc7+ $1 {[%mdl 576] Deflection} Nxc7 50. Qxf8 Rf4 51. Qb8 Ne6 52. Qa7+ Kd8 53. Ba6 {[%csl Ga6][%cal Rc1c8]} Ke8 54. Rc8+ Nd8 55. Qc7 {Accuracy: White = 69%, Black = 45%.} 1-0

[Event "33rd Pula Open 2019"]
[Site "Pula"]
[Date "2019.06.24"]
[Round "3.3"]
[White "Jovanovic, Zoran"]
[Black "Blagojevic, Marijan"]
[Result "1-0"]
[WhiteElo "2503"]
[BlackElo "2192"]
[Annotator "RC"]
[PlyCount "53"]
[EventDate "2019.06.22"]
[EventType "swiss"]
[EventCountry "CRO"]
[SourceTitle "playchess.com"]
[Source "ChessBase"]
[SourceQuality "1"]
[TimeControl "5400+30"]

1. e4 {[%emt 0:00:30]} c5 {[%emt 0:00:30]} 2. Ne2 {[%emt 0:00:00]} e6 {[%emt 0:00:30]} 3. Nbc3 {[%emt 0:00:00]} Nc6 {[%emt 0:00:30]} 4. g3 {[%emt 0:00:30]} Nf6 {[%emt 0:01:30]} 5. Bg2 {[%emt 0:00:00]} Be7 {[%emt 0:04:30]} 6. d4 {[%emt 0:02:00]} cxd4 {[%emt 0:01:30]} 7. Nxd4 {[%emt 0:00:00]} Nxd4 {[%emt 0:02:30]} 8. Qxd4 {[%emt 0:00:00]} d6 {[%emt 0:00:30]} 9. O-O {[%emt 0:04:30]} O-O {[%emt 0:00:30]} 10. e5 {[%emt 0:01:30]} dxe5 {[%emt 0:01:30]} 11. Qxe5 {[%emt 0:00:00]} Bd6 {[%emt 0:14:30]} 12. Qe2 {[%emt 0:01:00]} a6 {[%emt 0:09:30]} 13. Rd1 {[%emt 0:03:30]} Qc7 {[%emt 0:00:30]} 14. Bg5 {[%emt 0:04:30]} Be5 {[%emt 0:05:30]} 15. Rd3 {[%emt 0:00:00]} h6 {[%emt 0:02:30]} 16. Re1 {[%emt 0:00:00]} Nd7 {[%emt 0:03:30]} 17. Be7 {[%emt 0:01:30]} Re8 {[%emt 0:00:30]} 18. Ba3 {[%emt 0:00:00]} Bf6 {[%emt 0:03:30]} 19. Ne4 {[%emt 0:04:00]} Be7 {[%emt 0:05:30]} 20. Nd6 {[%emt 0:00:30]} Bxd6 {[%emt 0:00:30]} 21. Bxd6 {[%emt 0:00:30]} Qa5 {[%emt 0:02:30]} 22. a3 {[%emt 0:00:30]} Ra7 {[%emt 0:04:30]} 23. Qe3 {[%emt 0:02:30]} b6 {[%emt 0:00:30]} 24. Bc6 {[%emt 0:02:30]} Rd8 {[%emt 0:01:30]} 25. Red1 {[%emt 0:07:30]} Nf6 {[%emt 0:04:30]} 26. Bb4 {[%emt 0:02:30]} Rxd3 {[%emt 0:00:30]} 27. Rxd3 {[%emt 0:00:30]} 1-0

[Event "33rd Pula Open 2019"]
[Site "Pula"]
[Date "2019.06.24"]
[Round "3.4"]
[White "Fercec, Nenad"]
[Black "Oudshoorn, Arres"]
[Result "1-0"]
[WhiteElo "2446"]
[BlackElo "2175"]
[Annotator "NA RC"]
[PlyCount "57"]
[EventDate "2019.06.22"]
[EventType "swiss"]
[EventCountry "CRO"]
[SourceTitle "playchess.com"]
[Source "ChessBase"]
[SourceQuality "1"]
[TimeControl "5400+30"]

1. e4 {[%emt 0:00:30]} c5 {[%emt 0:00:30]} 2. Nf3 {[%emt 0:00:00]} g6 {[%emt 0:00:00]} 3. d4 {[%emt 0:00:00]} cxd4 {[%emt 0:00:00]} 4. Qxd4 {[%emt 0:00:30]} Nf6 {[%emt 0:00:00]} 5. e5 {[%emt 0:00:30]} Nc6 {[%emt 0:00:00]} 6. Qa4 {[%emt 0:00:30]} Nd5 {[%emt 0:00:00]} 7. Qe4 {[%emt 0:00:30]} Nb6 {[%emt 0:00:00]} 8. Nc3 {[%emt 0:00:00]} Bg7 {[%emt 0:00:30]} 9. Bf4 {[%emt 0:01:00]} d5 {[%emt 0:18:30]} 10. exd6 {[%emt 0:03:30]} Bf5 {[%emt 0:03:30]} 11. Qe3 {[%emt 0:00:30]} O-O {[%emt 0:00:30]} 12. O-O-O {[%emt 0:00:00]} exd6 {[%emt 0:00:30]} 13. Rxd6 {[%emt 0:05:00]} Qc8 {[%emt 0:00:30]} 14. Bh6 {[%emt 0:01:30]} Re8 {[%emt 0:06:30]} 15. Qd2 {[%emt 0:00:30]} Bh8 {[%emt 0:00:30]} 16. Bb5 {[%emt 0:22:30]} Nb4 {[%emt 0:26:30]} 17. a3 {[%emt 0:17:30]} Nxc2 {[%emt 0:34:11]} 18. Bxe8 {[%emt 0:00:30]} Qxe8 {[%emt 0:00:08]} 19. Qf4 {[%emt 0:00:30]} Nxa3 {[%emt 0:02:49]} 20. Re1 {[%emt 0:00:30]} Qc8 {[%emt 0:00:02]} 21. Nd4 {[%emt 0:00:30]} Nac4 {[%emt 0:03:43]} 22. Nxf5 {[%emt 0:01:30]} Qxf5 {[%emt 0:00:04]} 23. Qxf5 {[%emt 0:00:00]} gxf5 {[%emt 0:00:03]} 24. Rd3 {[%emt 0:00:00]} f4 {[%emt 0:00:17]} 25. Bxf4 {[%emt 0:00:30]} f5 {[%emt 0:00:40]} 26. Re7 {[%emt 0:00:30]} Bf6 {[%emt 0:00:09]} 27. Rxb7 {[%emt 0:00:30]} Nxb2 {[%emt 0:00:16]} 28. Kxb2 {[%emt 0:00:30]} Na4+ {[%emt 0:00:17]} 29. Kc2 {[%emt 0:00:00]} 1-0

[Event "33rd Pula Open 2019"]
[Site "Pula"]
[Date "2019.06.24"]
[Round "3.5"]
[White "Grishchenko, Sergey"]
[Black "Van der Steen, Jan-Aart"]
[Result "1/2-1/2"]
[WhiteElo "2411"]
[BlackElo "2150"]
[Annotator "TA"]
[PlyCount "112"]
[EventDate "2019.06.22"]
[EventType "swiss"]
[EventCountry "CRO"]
[SourceTitle "playchess.com"]
[Source "ChessBase"]
[SourceQuality "1"]

{[%evp 14,112,27,26,27,31,28,31,41,31,46,53,70,35,68,62,74,52,52,52,52,52,52,39,40,22,65,0,23,14,15,11,12,6,5,-63,-59,-59,-58,-60,-18,-18,-26,-22,0,-6,-13,-4,0,0,0,0,0,0,0,0,0,0,0,-336,0,0,0,0,0,0,0,0,0,0,0,0,0,0,0,0,0,0,0,0,0,0,0,0,0,0,0,0,0,0,0,0,0,0,0,0,0,0,0,0,0]} 1. d4 Nf6 2. c4 g6 3. Nc3 Bg7 4. e4 d6 5. h3 O-O 6. Be3 c5 7. Nf3 cxd4 8. Nxd4 b6 {E90: King's Indian: Classical: Early deviations and 6 h3} (8... Nc6 9. Be2 Bd7 10. O-O Nxd4 11. Bxd4 Bc6 12. Qc2 a5 13. Rad1 Nd7 14. Bxg7 Kxg7 15. Bg4 Ne5 16. c5 Nxg4 17. hxg4 Qc8 18. cxd6 Qxg4 19. dxe7 Rfe8 {1-0 (43) Cheparinov,I (2711)-Amin,B (2709) Zagreb 2018}) 9. Bd3 Bb7 10. O-O Nbd7 {White is slightly better.} 11. Qd2 Nc5 {[%cal Rf6e4]} 12. f3 e6 $146 ({Predecessor:} 12... Nxd3 13. Qxd3 Rc8 {½-½ (51) Altieri,C (2175)-MacTilstra,I (1999) ICCF email 2014}) 13. Bc2 Qe7 14. Bg5 Rfd8 15. Rfe1 Qf8 16. Rad1 h6 17. Be3 Rac8 18. b3 Nh5 19. Nde2 Nf6 20. Nd4 Nh5 21. Ndb5 a6 22. Nd4 d5 23. cxd5 exd5 24. g4 (24. exd5 $11 Bxd5 25. Nxd5 Rxd5 26. Qf2) 24... dxe4 25. gxh5 {[#] aiming for Qf2.} Ne6 26. Qf2 {Black must now prevent Nxe6.} Rxc3 27. Nxe6 fxe6 28. Bxe4 Rxd1 29. Rxd1 Bxe4 30. fxe4 Qxf2+ (30... gxh5 {keeps more tension.} 31. Bxb6 Rf3 32. Qg2 Qf4 33. Bf2 Rc3) 31. Kxf2 $15 {[%mdl 4096] Endgame KRB-KRB} Rc2+ 32. Kf3 gxh5 33. Rd8+ Kf7 34. Rd7+ Kf8 35. Bxb6 Be5 36. Bd4 $2 {[%mdl 8192] [#]} (36. Be3 $11) 36... Bxd4 $2 (36... Ke8 $19 37. Rh7 Bxd4 38. Rxh6 Kf7 39. Rxh5 Rxa2) 37. Rxd4 $11 {The position is equal.} Rxa2 $19 {KR-KR} 38. Rd7 e5 39. Rb7 Rh2 40. Kg3 Re2 41. Rb4 a5 42. Ra4 Kf7 43. Kh4 Kg6 44. Rc4 Re3 45. Ra4 Kf6 46. Rc4 Rxb3 47. Rc6+ Kf7 48. Ra6 Ra3 49. Kxh5 Rxh3+ 50. Kg4 Ra3 51. Rxh6 Ra1 52. Kf5 a4 {[%cal Ba5a4,Ba4a3,Ba3a2][%mdl 32]} 53. Rh7+ Kg8 54. Ra7 a3 55. Kxe5 a2 56. Ke6 Re1 {Accuracy: White = 71%, Black = 60%.} 1/2-1/2

[Event "33rd Pula Open 2019"]
[Site "Pula"]
[Date "2019.06.24"]
[Round "3.6"]
[White "Purgar, Ivona"]
[Black "Zufic, Miroslav"]
[Result "1/2-1/2"]
[WhiteElo "2194"]
[BlackElo "2380"]
[Annotator "TA"]
[PlyCount "101"]
[EventDate "2019.06.22"]
[EventType "swiss"]
[EventCountry "CRO"]
[SourceTitle "playchess.com"]
[Source "ChessBase"]
[SourceQuality "1"]

{[%evp 18,101,41,24,15,21,30,1,31,18,37,12,35,0,9,1,45,-11,-27,-19,-16,-17,-10,-15,0,-68,40,-14,0,0,12,-6,0,-1,16,0,0,0,0,0,0,-8,22,0,24,22,70,65,77,2,4,9,225,161,239,226,204,50,363,363,339,329,343,85,88,84,105,116,215,215,212,215,1277,1156,1193,790,1106,40,39,0,41,0,43,0,42,0]} 1. e4 c5 2. Nf3 Nc6 3. d4 cxd4 4. Nxd4 Qb6 5. Nb3 Nf6 6. Nc3 e6 7. Be3 Qc7 8. a3 a6 9. Be2 b5 10. O-O d6 {B33: Sicilian: Pelikan and Sveshnikov Variations} (10... Ne5 11. f4 Nc4 12. Bxc4 bxc4 13. e5 cxb3 14. exf6 Bb7 15. fxg7 Bxg7 16. cxb3 Bxc3 17. bxc3 Rg8 18. Ra2 Qxc3 {0-1 (43) Yu,K (2375)-Naiditsch,A (2698) Jiangmen 2018}) 11. f4 Be7 12. Bf3 Bb7 {The position is equal.} 13. Qe2 Nd7 14. Rad1 $146 ({Predecessor:} 14. Qf2 Rb8 15. Rad1 b4 16. axb4 Nxb4 17. Ba7 Rc8 18. Bd4 {0-1 (32) Roque Sola,J (2066)-Roche Simon,M (2143) Aragon 2016}) 14... Nb6 15. f5 Nc4 16. fxe6 fxe6 17. Bh5+ (17. Bg4 $14 Bc8 18. Bc1) 17... g6 $11 18. Bg4 Bc8 19. Bc1 Bd7 20. Kh1 N4e5 21. Bh3 (21. Bh6 $11) 21... Nf7 (21... h5 $15) 22. Bf4 (22. Rxf7 Kxf7 23. Bf4 Rhf8 $15) (22. e5 $1 $14 Nfxe5 23. Ne4) 22... Nce5 23. Nd4 Qc8 24. Rf2 O-O 25. Rdf1 Re8 26. Nd1 Bf8 27. Ne3 Bg7 28. c3 Rb8 29. Nf3 Qc5 30. Bxe5 Nxe5 31. Nxe5 Qxe5 32. Ng4 $1 {[%cal Rg4e5]} (32. Qf3 Rf8 $15) 32... Qg5 33. Nf6+ ({But not} 33. Qf3 Rf8 $15) (33. Qd3 $16) 33... Bxf6 $1 34. Rxf6 {Hoping for Qf2.} Qe5 $2 (34... Rf8 $1 $11 {and Black has nothing to worry.} 35. R6f3 (35. Bxe6+ $2 Bxe6 36. Qf2 Rxf6 $19) 35... Qe7) 35. Qf3 Rbd8 (35... Bc6 $142) 36. Bg4 $1 $18 Qg5 37. Bxe6+ $2 ({Better is} 37. Qg3 $1 $18 Qe5 38. Qh4) 37... Rxe6 $4 {[%mdl 8192]} ({Black should try} 37... Bxe6 $14 38. Rxe6 Rf8) 38. Rf8+ Kg7 39. Rf7+ $1 Kh6 {Threatens to win with ...Re7.} 40. Rxd7 $2 (40. Qh3+ $1 $18 {is the precise move to win.} Qh5 41. Qe3+ g5 42. Qd4) 40... Rxd7 $16 41. Qh3+ {[%mdl 64] Double Attack} Qh5 42. Qxe6 {[%mdl 4096] Endgame KQR-KQR} Qe2 (42... Rd8 $16) 43. Qh3+ $18 Kg5 {[%cal Re2f1]} 44. Qg3+ Kh6 $2 (44... Kh5 45. Qh3+ Kg5 46. Qg3+ (46. Kg1 Re7 $16) 46... Kh5 47. Qh3+ Kg5) 45. Qf4+ $1 g5 46. Qf6+ Kh5 {[#]} 47. Qf5 $2 (47. h4 $1 $18 {[%csl Gh4][%cal Rf6g5][%mdl 512]} Rg7 (47... gxh4 48. Rf5+) 48. Rf3 Qxe4 49. Qxg7 Qe1+ {[#]} 50. Kh2 $1 {[%mdl 512]} Qe5+ 51. Qxe5 dxe5 52. hxg5) 47... Re7 $1 $14 48. Qh3+ Kg6 {[%cal Re2f1]} 49. Qf5+ (49. Qf3 $5 {[%cal Rf3e2]} Qxe4 50. Qf6+ Kh5 51. Qxd6 $16) 49... Kh5 $1 50. Qh3+ Kg6 {[%cal Re2f1]} 51. Qf5+ {Accuracy: White = 40%, Black = 34%.} (51. Qf3 $5 {[%cal Rf3e2]} Qxe4 52. Qf6+ Kh5 53. Qxd6 $16) 1/2-1/2

[Event "33rd Pula Open 2019"]
[Site "Pula"]
[Date "2019.06.24"]
[Round "3.7"]
[White "Bochnicka, Vladimir"]
[Black "Filipovic, Branko"]
[Result "0-1"]
[WhiteElo "2169"]
[BlackElo "2371"]
[Annotator "TA"]
[PlyCount "114"]
[EventDate "2019.06.22"]
[EventType "swiss"]
[EventCountry "CRO"]
[SourceTitle "playchess.com"]
[Source "ChessBase"]
[SourceQuality "1"]

{[%evp 18,114,35,35,28,31,26,18,27,27,43,30,28,36,31,44,32,29,18,23,21,21,25,-65,-29,-72,-66,-53,-15,-145,-139,-197,-175,-187,-185,-181,-167,-226,-213,-191,-93,-91,-72,-245,-233,-199,-182,-376,-365,-377,-372,-368,-299,-297,-258,-286,-286,-286,-286,-276,-274,-386,-386,-490,-435,-516,-502,-497,-493,-491,-433,-29956,-29957,-29968,-29969,-29977,-29977,-29979,-29978,-29979,-29980,-29979,-29980,-29979,-29982,-29984,-29985,-29986,-29987,-29987,-29988,-29988,-29989,-29995,-29993,-29993,-29990,-29990,-29989]} 1. e4 d5 2. exd5 Nf6 3. d4 Bg4 4. Be2 Bxe2 5. Qxe2 Qxd5 6. Nf3 e6 7. O-O Bd6 8. c4 Qh5 9. Nc3 Nc6 10. Be3 O-O {B01: Scandinavian Defence} (10... g5 11. g3 Ng4 12. b4 Bxb4 13. Qb2 O-O-O 14. Nb5 Ba5 15. d5 exd5 16. cxd5 Rxd5 17. Qxh8+ Rd8 18. Nxa7+ Nxa7 {1-0 (27) Wedberg,T (2475)-Hodgson,J (2575) Harplinge 1998}) 11. h3 Rfe8 $146 ({Predecessor:} 11... Rfd8 12. Rfe1 Bb4 13. a3 Be7 14. Rad1 a5 15. Rd3 a4 16. Red1 Na5 17. d5 e5 18. Nd2 {1-0 (37) Lim,K (1825)-Jose,R (2026) Manila 2013}) 12. Rfe1 a6 {The position is equal.} 13. a3 Rab8 14. Rac1 b5 15. b4 bxc4 16. Qxc4 Ne7 17. Bg5 Ra8 18. Bxf6 gxf6 19. Ne4 Qh6 20. Nc5 (20. Qd3 $11) 20... Kh8 21. Re4 Rg8 {aiming for ...Qxh3.} 22. Rh4 Qg6 {[%csl Gg8][%cal Rg6g2]} 23. Ne1 (23. Rg4 $11 Qf5 24. Rxg8+ Rxg8 25. Kh1) 23... f5 $1 $17 {White must now prevent ...Nd5.} 24. Kh1 (24. d5 $17 Nxd5 25. Qd4+ Rg7 26. Ncd3) 24... Nd5 $19 {Hoping for ...Be7.} 25. Ncd3 a5 26. Ne5 Qg7 27. Qe2 axb4 28. axb4 Bxe5 (28... Ra3 $19 {has better winning chances. And now ...Be7 would win.} 29. Nc4 Bf4) 29. dxe5 $17 Qg5 30. Qh5 $2 (30. Rhc4 $17 {was the only chance.}) 30... Qxh5 $19 31. Rxh5 Ra2 32. Nd3 $2 (32. f3 {is a better defense.}) 32... Rd2 33. Nc5 Rxf2 34. Rg1 Nxb4 35. g4 fxg4 36. Ne4 {[#]} Rf5 $1 {[%cal Rf5h5]} 37. Rxf5 exf5 {[%mdl 4096] Endgame KRN-KRN} 38. Nf6 {[#]} Rg6 $1 39. hxg4 (39. Rf1 $142) 39... fxg4 40. Rc1 Nd3 41. Rxc7 Nxe5 42. Nh5 h6 43. Re7 Re6 44. Rxe6 (44. Ra7 $19) 44... fxe6 {KN-KN. Black mates.} 45. Nf4 Kg7 46. Nxe6+ Kf6 47. Nd4 Nf3 48. Ne2 Kg5 49. Kg2 h5 50. Ng3 h4 51. Ne4+ Kf4 52. Nf6 h3+ 53. Kh1 Ng5 54. Nh5+ Kf3 55. Ng7 Ne4 56. Ne6 Nf2+ 57. Kg1 g3 {Accuracy: White = 30%, Black = 68%.} 0-1

[Event "33rd Pula Open 2019"]
[Site "Pula"]
[Date "2019.06.24"]
[Round "3.8"]
[White "Boric, Muhamed"]
[Black "Bochnickova, Andrea"]
[Result "1-0"]
[WhiteElo "2361"]
[BlackElo "2122"]
[Annotator "NA RC"]
[PlyCount "97"]
[EventDate "2019.06.22"]
[EventType "swiss"]
[EventCountry "CRO"]
[SourceTitle "playchess.com"]
[Source "ChessBase"]
[SourceQuality "1"]
[TimeControl "5400+30"]

1. Nf3 {[%emt 0:00:30]} Nf6 {[%emt 0:00:30]} 2. d4 {[%emt 0:03:30]} c5 {[%emt 0:00:30]} 3. g3 {[%emt 0:01:30]} cxd4 {[%emt 0:02:30]} 4. Nxd4 {[%emt 0:00:30]} e6 {[%emt 0:00:30]} 5. Bg2 {[%emt 0:00:30]} Be7 {[%emt 0:00:30]} 6. O-O {[%emt 0:00:30]} O-O {[%emt 0:00:30]} 7. e4 {[%emt 0:00:30]} d6 {[%emt 0:00:30]} 8. Nc3 {[%emt 0:01:30]} a6 {[%emt 0:00:30]} 9. a4 {[%emt 0:00:30]} Qc7 {[%emt 0:00:30]} 10. Re1 {[%emt 0:14:30]} Nc6 {[%emt 0:04:30]} 11. b3 {[%emt 0:02:30]} Rb8 {[%emt 0:10:30]} 12. Bb2 {[%emt 0:00:30]} Nxd4 {[%emt 0:11:30]} 13. Qxd4 {[%emt 0:00:30]} b6 {[%emt 0:00:30]} 14. Qd3 {[%emt 0:05:30]} Bb7 {[%emt 0:01:30]} 15. Nd1 {[%emt 0:00:30]} d5 {[%emt 0:04:30]} 16. exd5 {[%emt 0:00:30]} Bxd5 {[%emt 0:03:30]} 17. Bxd5 {[%emt 0:01:30]} Nxd5 {[%emt 0:06:30]} 18. Be5 {[%emt 0:00:30]} Bd6 {[%emt 0:00:00]} 19. Bxd6 {[%emt 0:00:30]} Qxd6 {[%emt 0:00:00]} 20. Qxa6 {[%emt 0:01:30]} Rbc8 {[%emt 0:01:30]} 21. Qe2 {[%emt 0:07:30]} Nb4 {[%emt 0:17:30]} 22. Ne3 {[%emt 0:02:30]} Rc3 {[%emt 0:02:30]} 23. Nc4 {[%emt 0:00:30]} Qc5 {[%emt 0:00:30]} 24. Rac1 {[%emt 0:04:30]} h5 {[%emt 0:14:14]} 25. Qd2 {[%emt 0:01:30]} Nd5 {[%emt 0:00:27]} 26. Re5 {[%emt 0:00:30]} h4 {[%emt 0:03:01]} 27. Qxc3 {[%emt 0:00:30]} Nxc3 {[%emt 0:00:10]} 28. Rxc5 {[%emt 0:00:00]} bxc5 {[%emt 0:00:02]} 29. Kg2 {[%emt 0:04:00]} hxg3 {[%emt 0:00:33]} 30. hxg3 {[%emt 0:00:30]} Rd8 {[%emt 0:00:27]} 31. Ra1 {[%emt 0:00:30]} Kf8 {[%emt 0:00:57]} 32. a5 {[%emt 0:00:30]} Nb5 {[%emt 0:01:14]} 33. a6 {[%emt 0:00:30]} Na7 {[%emt 0:00:30]} 34. Ra5 {[%emt 0:00:30]} Rc8 {[%emt 0:00:35]} 35. Nb6 {[%emt 0:00:30]} Rc7 {[%emt 0:01:28]} 36. Rxc5 {[%emt 0:00:30]} Rxc5 {[%emt 0:00:03]} 37. Nd7+ {[%emt 0:00:00]} Ke7 {[%emt 0:00:03]} 38. Nxc5 {[%emt 0:00:00]} Kd6 {[%emt 0:00:03]} 39. Ne4+ {[%emt 0:13:30]} Kd5 {[%emt 0:00:10]} 40. Kf3 {[%emt 0:00:00]} f6 {[%emt 0:01:42]} 41. Ke3 {[%emt 0:01:00]} Kc6 {[%emt 0:02:22]} 42. c4 {[%emt 0:00:30]} Kb6 {[%emt 0:00:16]} 43. b4 {[%emt 0:00:00]} Kxa6 {[%emt 0:00:34]} 44. Nc5+ {[%emt 0:00:00]} Kb6 {[%emt 0:00:05]} 45. Nxe6 {[%emt 0:00:30]} g5 {[%emt 0:00:18]} 46. Nd4 {[%emt 0:00:30]} Nc8 {[%emt 0:00:28]} 47. c5+ {[%emt 0:00:30]} Kc7 {[%emt 0:00:06]} 48. Ke4 {[%emt 0:00:30]} Ne7 {[%emt 0:00:10]} 49. b5 {[%emt 0:01:30]} 1-0

[Event "33rd Pula Open 2019"]
[Site "Pula"]
[Date "2019.06.24"]
[Round "3.9"]
[White "Van der Zon, Stef"]
[Black "Jelen, Igor"]
[Result "1/2-1/2"]
[WhiteElo "2148"]
[BlackElo "2353"]
[Annotator "NA RC"]
[PlyCount "59"]
[EventDate "2019.06.22"]
[EventType "swiss"]
[EventCountry "CRO"]
[SourceTitle "playchess.com"]
[Source "ChessBase"]
[SourceQuality "1"]
[TimeControl "5400+30"]

1. e4 {[%emt 0:00:30]} c5 {[%emt 0:00:30]} 2. Nf3 {[%emt 0:00:00]} Nc6 {[%emt 0:00:00]} 3. d4 {[%emt 0:00:00]} cxd4 {[%emt 0:00:00]} 4. Nxd4 {[%emt 0:00:00]} Nf6 {[%emt 0:00:00]} 5. Nc3 {[%emt 0:00:00]} e5 {[%emt 0:00:00]} 6. Ndb5 {[%emt 0:00:00]} d6 {[%emt 0:00:30]} 7. Bg5 {[%emt 0:00:00]} a6 {[%emt 0:00:00]} 8. Na3 {[%emt 0:00:30]} b5 {[%emt 0:00:00]} 9. Nd5 {[%emt 0:00:00]} Be7 {[%emt 0:00:30]} 10. Bxf6 {[%emt 0:00:00]} Bxf6 {[%emt 0:00:00]} 11. c3 {[%emt 0:00:00]} Bg5 {[%emt 0:07:00]} 12. Nc2 {[%emt 0:01:00]} O-O {[%emt 0:03:30]} 13. a4 {[%emt 0:02:30]} bxa4 {[%emt 0:01:30]} 14. Rxa4 {[%emt 0:06:30]} a5 {[%emt 0:00:30]} 15. b3 {[%emt 0:01:30]} Bb7 {[%emt 0:13:30]} 16. Bc4 {[%emt 0:05:30]} Nb8 {[%emt 0:05:30]} 17. O-O {[%emt 0:09:30]} Nd7 {[%emt 0:00:30]} 18. b4 {[%emt 0:04:30]} Rc8 {[%emt 0:17:30]} 19. Qd3 {[%emt 0:21:30]} axb4 {[%emt 0:04:30]} 20. cxb4 {[%emt 0:00:30]} Nb6 {[%emt 0:04:30]} 21. Nxb6 {[%emt 0:02:30]} Qxb6 {[%emt 0:00:00]} 22. b5 {[%emt 0:06:30]} Qc5 {[%emt 0:11:00]} 23. Na1 {[%emt 0:01:30]} Rb8 {[%emt 0:10:59]} 24. Nb3 {[%emt 0:04:30]} Qb6 {[%emt 0:00:14]} 25. Rd1 {[%emt 0:01:30]} Be7 {[%emt 0:03:55]} 26. Na5 {[%emt 0:08:30]} Ba8 {[%emt 0:01:43]} 27. Rb1 {[%emt 0:02:30]} Rfc8 {[%emt 0:04:27]} 28. g3 {[%emt 0:02:30]} Bd8 {[%emt 0:02:54]} 29. Qb3 {[%emt 0:11:46]} Qc7 {[%emt 0:06:30]} 30. Bd5 {[%emt 0:02:55]} 1/2-1/2